A ovelhinha que veio para o jantar (Registo nº 32822)
[ vista simples ]
| 000 -Etiqueta do registo | |
|---|---|
| Valores | 00611nam a2200217 4500 |
| 010 ## - Número ISBN | |
| ISBN | 9789727932580 |
| 021 ## - Número do Depósito Legal | |
| -- | PT |
| Número | 466886/20 |
| 090 ## - | |
| -- | 32822 |
| 100 ## - Dados gerais de processamento | |
| Dados gerais | 20201029 frey50 |
| 101 ## - Língua de publicação | |
| -- | por |
| 102 ## - País de publicação | |
| -- | PT |
| 200 ## - Titulo e menção de responsabilidade | |
| Título próprio | A ovelhinha que veio para o jantar |
| Primeira menção de responsabilidade | Steve Smallman |
| Outras menções de responsabilidade | il. Joëlle Dreidemy |
| -- | trad. Pedro Costa |
| 205 ## - Menção da edição | |
| Edição | 1ª. ed. |
| 210 ## - Publicação | |
| Local de publicação | Estoril |
| Nome do editor | Minutos de leitura |
| Data de publicação | 2020 |
| 215 ## - Descrição física | |
| Paginação / Volumes | [26] p. |
| Outras indicações físicas | il. |
| Dimensões | 24 cm |
| 700 ## - Autor principal (pessoa individual) | |
| -- | 070 |
| ID Autoridade | 4357 |
| Apelido | Smallman |
| Nome | Steve |
| 701 ## - Co-autor principal (pessoa individual) | |
| -- | 440 |
| ID Autoridade | 4358 |
| Apelido | Dreidemy |
| Nome | Joëlle |
| 702 ## - Autor secundário (pessoa individual) | |
| -- | 730 |
| ID Autoridade | 2529 |
| Apelido | Costa |
| Nome | Pedro |
| 801 ## - Fonte de origem | |
| País | PT |
| Regras de catalogação | RPC |
| 990 ## - Elementos KOHA | |
| Tipo de documento | Livro |
| Situação do levantamento | Estado | Biblioteca de origem | Biblioteca de empréstimo | Código de barras | Cota | Permissão de empréstimo | Tipo de documento | Nota relativa ao exemplar |
|---|---|---|---|---|---|---|---|---|
| Completo | Biblioteca Municipal de Viana Do Alentejo | Biblioteca Municipal de Viana Do Alentejo | 0032517 | 087.5 SMA | Disponível | Livro | ATÉ AOS 6 ANOS |